Southville International School and Colleges
Your cart is empty.
  • Cart
  • Lists
    Public lists Eva Luna New books Lux_list list_1
    Your lists Log in to create your own lists
  • Log in to your account
  • Your cookies
  • Search history
Southville International School and Colleges
  • Advanced search
  • Recent comments
  • Most popular
  • Libraries

Log in to your account

Log in with GOOGLE


If you do not have an external account, but do have a local account, you can still log in:

  1. Home
  2. MARC view: Fast start for early learners :
Normal view MARC view ISBD view

Fast start for early learners : (Record no. 105583)

[ view plain ]
MARC details
000 -LEADER
fixed length control field 00597nam a2200181 a 4500
005 - DATE AND TIME OF LATEST TRANSACTION
control field 20140412111407.0
008 - FIXED-LENGTH DATA ELEMENTS--GENERAL INFORMATION
fixed length control field 061206s19uu xx 00 eng d
020 ## - INTERNATIONAL STANDARD BOOK NUMBER
International Standard Book Number 0-439-62576-9
050 ## - LIBRARY OF CONGRESS CALL NUMBER
Classification number TR(GS 372.6
Item number Pa117 2005
100 ## - MAIN ENTRY--PERSONAL NAME
Personal name Padak, Nancy
245 ## - TITLE STATEMENT
Title Fast start for early learners :
Remainder of title Grades K-2 /
Statement of responsibility, etc Nancy Padak.
260 ## - PUBLICATION, DISTRIBUTION, ETC. (IMPRINT)
Place of publication, distribution, etc U.S.A :
Name of publisher, distributor, etc Scholastic,
Date of publication, distribution, etc 2005.
300 ## - PHYSICAL DESCRIPTION
Extent 144p.
520 ## - SUMMARY, ETC.
Summary, etc A research-based, send-home literacy program with 60 reproducible poems and activities that ensures reading success for every child
650 ## - SUBJECT ADDED ENTRY--TOPICAL TERM
Topical term or geographic name as entry element Poems
650 ## - SUBJECT ADDED ENTRY--TOPICAL TERM
Topical term or geographic name as entry element Reading
Holdings
Withdrawn status Lost status Damaged status Use restrictions Home library Current library Shelving location Date acquired Source of acquisition Total Checkouts Full call number Barcode Date last seen Price effective from Koha item type
        Elizalde Library Elizalde Library Teachers Reference Section 12/06/2006     TR(GS 372.6 Pa117 2005 E10388 04/12/2014 04/12/2014 Books

Fast start for early learners :

APA

Padak N., . (2005). Fast start for early learners. U.S.A: Scholastic.

Chicago

Padak Nancy, . 2005. Fast start for early learners. U.S.A: Scholastic.

Harvard

Padak N., . (2005). Fast start for early learners. U.S.A: Scholastic.

MLA

Padak Nancy, . Fast start for early learners. U.S.A: Scholastic. 2005.

  • Place hold
  • Print
  • Cite
  • Add to your cart (remove)
  • Save record
    BIBTEX Dublin Core MARCXML MARC (non-Unicode/MARC-8) MARC (Unicode/UTF-8) MARC (Unicode/UTF-8, Standard) MODS (XML) RIS
  • More searches
    Search for this title in:
    Other Libraries (WorldCat) Other Databases (Google Scholar) Online Stores (Bookfinder.com) Open Library (openlibrary.org)

Exporting to Dublin Core...

SOUTHVILLE LIBRARY

Southville International School and Colleges Library

1281 Tropical Ave. Cor. Luxembourg St., BF Homes International, Las Pinas City

Tel. No. 8256374 / 252358 Loc. 117/146

Powered by Koha